Evaluation of rubberwood laminated veneer lumber (LVL) for durability against wood rooting fungi (Record no. 48025)
[ view plain ]
| 000 -LEADER | |
|---|---|
| fixed length control field | 00926nam a2200157Ia 4500 |
| 100 ## - MAIN ENTRY--AUTHOR NAME | |
| Personal name | Ananthapadmanabha H S |
| 245 #0 - TITLE STATEMENT | |
| Title | Evaluation of rubberwood laminated veneer lumber (LVL) for durability against wood rooting fungi |
| 260 ## - PUBLICATION, DISTRIBUTION, ETC. (IMPRINT) | |
| Name of publisher | Wood News |
| Year of publication | 1997 |
| 300 ## - PHYSICAL DESCRIPTION | |
| Number of Pages | 33-34 |
| 520 ## - SUMMARY, ETC. | |
| Summary, etc | Laminated veneer lumber (LVL), made from rubberwood [Hevea brasiliensis] veneer treated with preservative and bonded with phenol formaldehyde resin, was tested for durability against decay fungi in accelerated laboratory tests. The test fungi were Coriolus versicolor and C. hirsutus (white-rot), and Polyporus meliae and P. palustris (brown-rot). LVL was as susceptible as rubbewood in the initial stages (up to 60 days) but then was more durable (days 60-120). |
| 650 ## - SUBJECT ADDED ENTRY--TOPICAL TERM | |
| Topical Term | Rubberwood laminated veneer lumber |
| 650 ## - SUBJECT ADDED ENTRY--TOPICAL TERM | |
| Topical Term | Wood rooting fungi |
| 700 ## - ADDED ENTRY--PERSONAL NAME | |
| Personal name | Nagaveni H C |
| 942 ## - ADDED ENTRY ELEMENTS (KOHA) | |
| Koha item type | Bibliography RLWO |
| Withdrawn status | Lost status | Damaged status | Not for loan | Home library | Current library | Date acquired | Serial Enumeration / chronology | Koha item type |
|---|---|---|---|---|---|---|---|---|
| Bibliography | RRII Library | RRII Library | 31/12/2021 | Volume 6, Issue 4 | Bibliography RLWO |